000 00656nam a2200181Ia 4500
008 151018s9999 xx 000 0 und d
082 _bRBASDV63591
_a891.465
100 _aछाया कुलकर्णी
245 _aकलेची वाट चालताना
250 _b1
260 _b"निखील प्रकाशन, कोल्हापूर"
_c2014
300 _a192
600 _aछाया कुलकर्णी
630 _aकलेची वाट चालताना
700 _aछाया कुलकर्णी
730 _aकलेची वाट चालताना
942 _cBOOK
999 _c1055933
_d1055930